000 02520cam a22004694i 4500
003 PE-LiUPU
005 20250731173131.0
008 150623s1993 ag r 000 0 spa d
020 _a9505733852
035 _a(Sirsi) i9789505733859
040 _aPE-LiUPU
_bspa
_cPE-LiUPU
_erda
049 _aPRUA
100 1 _aCerna Young, Yara,
_eautor.
245 1 1 _a¡Oh, no! ¡Otra vez es sábado y todavía no estoy lista! :
_bguía del ama de casa para lograr que el viernes sea el día más aliviado de la semana /
_cYara Cerna Young.
264 1 _aBuenos Aires :
_bAsociación Casa Editora Sudamericana,
_c1993.
300 _a157 páginas ;
_c20 centímetros
336 _atext
_2rdacontent
337 _aunmediated
_2rdamedia
338 _avolume
_2rdacarrier
505 0 _a¿Qué pasó con la preparación para recibir el sábado? -- Manejo de la casa: ¿de qué se trata? -- La noche anterior es la clave para el día siguiente -- Comience bien el día -- Pasos en la preparación para el sábado: comience el lunes -- El viernes ¡despreocúpese! -- La verdadera preparación para el sábado -- Ayuda para la mujer que trabaja -- Tradiciones que hacen del sábado un día especial -- ¡Auxilio! ¡El sábado tengo invitados a almorzar! -- ¿Y los niños? -- Cómo completar la limpieza de la casa -- Cómo crear una atmósfera hogareña -- Yara contesta sus preguntas.
526 _aSEG42
526 _aSEG41
526 _aSEG40
526 _aSEG39
526 _aP94
526 _aP87
526 _aP86
526 _aP85
526 _aP77
526 _aP76
526 _aP35
650 0 4 _aSábado bíblico
_xPreparación.
942 _2ddc
_cBOOK
949 _a263.2 C45
_wDEWEY
_c1
_i35978
_d2016-6-14
_e2016-6-12
_lCCODEBUL1
_mBUL
_n2
_r0
_sY
_tBOOK
_u2015-6-24
_xTEOLOGIA
_zUNKNOWN
_0COMPRA
_o.STAFF. Colección General
949 _a263.2 C45
_wDEWEY
_c2
_i35977
_d2016-6-7
_e2016-5-31
_lCCODEBUL1
_mBUL
_n2
_p3.00
_r0
_sY
_tBOOK
_u2015-6-24
_xTEOLOGIA
_PP35
_0COMPRA
_o.STAFF. Colección General
994 _aC0
_bPEPRU
596 _a1
999 _a263.2 C45
_wDEWEY
_c33383
_i35978
_d33383
_e2020-2-21
_f2021-11-10
_g5
_lCCODEBUL1
_mBUL
_n5
_p12.00
_q4
_r0
_sY
_tBOOK
_u2015-6-24
_xTEOLOGIA
_PP35
_0COMPRA
_o.STAFF. Colección Teología
999 _a263.2 C45
_wDEWEY
_c2
_i35977
_d2019-6-21
_e2018-9-12
_f2019-12-11
_g4
_lDISCARD
_mBUL
_n3
_p3.00
_q2
_r0
_sY
_tBOOK
_u2015-6-24
_xTEOLOGIA
_PP35
_0COMPRA
_o.STAFF. Colección Teología
980 _81
_gALBERTO SANCHEZ Responsable de Automatización